Les arrêts du tram 4 à Bruxelles - Statistiques

Statistiques générales
  • Ce quiz a été pris 45 fois
  • Le résultat moyen est 15 sur 21
Statistiques - réponses
commune arrêt % Correct
Saint-Gilles Gare du Midi
92%
Bruxelles-ville Gare du Nord
92%
Bruxelles-ville De Brouckère
89%
Bruxelles-ville Lemonnier
89%
Bruxelles-ville Bourse - Grand Place
86%
Bruxelles-ville Rogier
86%
Uccle Stalle
86%
Saint-Gilles/Forest Albert
83%
Saint-Gilles Parvis de Saint-Gilles
83%
Saint-Gilles Porte de Hal
83%
Saint-Gilles Horta
81%
Uccle Vanderkindere
78%
Bruxelles-ville Anneessens - Fontainas
75%
Uccle Héros
75%
Uccle Globe
69%
Uccle Carrefour Stalle
58%
Forest Berkendael
56%
Uccle Messidor
47%
Uccle Wagon
47%
Uccle Boetendael
39%
Uccle Egide Van Ophem
31%
Aucun quiz correspondant
Distribution des résultats
% des personnes avec chaque résultat
Percentile par nombre de réponses
Votre historique - résultats
Vous n’avez pas pris ce quiz